Estadísticas para Mapa de Ciudades de Andalucía

Haz click aquí para intentar la prueba.

Estadísticas generales

  • Esta prueba ha sido intentada 2.898 veces
  • La puntuación promedio es 10 de 15

Respuestas en el mapa

Las respuestas están codificadas por una escala verde-roja en el mapa de la prueba según el % correcto abajo.
 

Estadísticas de respuestas

Respuesta% Correcto
Sevilla
86%
Huelva
84%
Almería
76%
Cádiz
76%
Granada
75%
Málaga
75%
Córdoba
74%
Jaén
69%
Algeciras
66%
Jerez de la Frontera
64%
Ronda
57%
Marbella
53%
Motril
52%
Antequera
39%
Ubeda
30%

Distribución de puntuación

Porcentaje por número respondido

Porcentaje de gente con cada puntuación

Historial de tus puntuaciones

No has intentado esta prueba.